|
|
|
|
| LEADER |
00000nab a2200000 ar4500 |
| 001 |
vtls010102148 |
| 003 |
SK-MaSNL |
| 005 |
20260305041156.0 |
| 008 |
100602c2010 xo qr|p|||||||000 b|slo |
| 038 |
|
|
|a RVGKPD
|
| 040 |
|
|
|a RVGKPD
|b slo
|c RVGKPD
|e AACR2
|
| 041 |
|
|
|a slo
|
| 044 |
|
|
|a xo
|c SK
|
| 080 |
|
|
|a 373.31
|2 1997
|
| 100 |
1 |
|
|a Krivušová, Jana
|c Mgr.
|4 aut
|9 1026597
|
| 245 |
1 |
0 |
|a Škola, škola, školička
|c Jana Krivušová ... [et al.]
|
| 300 |
|
|
|b Fotogr.
|
| 610 |
2 |
7 |
|a Základná škola Petra Kellnera Hostinského (Gemerská Poloma, Slovensko)
|2 rvgkpd
|9 58739
|
| 651 |
|
7 |
|a Gemerská Poloma (Slovensko)
|2 rvgkpd
|9 29357
|
| 651 |
|
7 |
|a Rožňava (Slovensko : okres)
|2 rvgkpd
|9 19215
|
| 700 |
1 |
|
|a Hajdúková, Ingrid
|4 aut
|9 1620347
|
| 700 |
1 |
|
|a Fehérová, Helena
|4 aut
|9 1027313
|
| 700 |
1 |
|
|a Jergová, Erika
|4 aut
|9 1025717
|
| 700 |
1 |
|
|a Hudáková, Katarína
|c Mgr.
|4 aut
|9 1621418
|
| 773 |
0 |
|
|t Polomské noviny
|g Roč. XV, č. 1 (apríl 2010), s. 8-9
|
| 852 |
|
|
|a RVGKPD
|b KIS3G
|
| 992 |
|
|
|a RBX
|
| 999 |
|
|
|c 3342575
|d 3344505
|